Statistics for Generator Puzzle #50

Click here to take the quiz!

General Stats

  • This quiz has been taken 589 times
  • The average score is 11 of 21

Answer Stats

ClueAnswer% Correct
Hospital employeeNurse
96%
Black and blue injuryBruise
89%
Ambulance wailSiren
87%
Cranium contentsBrain
83%
Mad dog diseaseRabies
82%
US StateMaine
76%
Without sensationNumb
75%
Certain, convincedSure
70%
Fossilized resinAmber
61%
Farm fertiliserManure
57%
Harry's 2001 broomstickNimbus
52%
Military groupsArmies
48%
More occupiedBusier
47%
Tesla's homelandSerbia
42%
Dutch-speaking countrySuriname
42%
Jackal-headed godAnubis
31%
9-Letter WordSUBMARINE
28%
Italian regionUmbria
17%
Capital on S. African borderMaseru
14%
Mesopotamian regionSumer
12%
"The Abode of Peace"Brunei
8%

Score Distribution

Percentile by Number Answered

Percent of People with Each Score

Your Score History

You have not taken this quiz